00390cam a22001217a 4500008004100000082001600041100002200057245005100079260006200130300001000192440004100202650002500243180718b1975. xxu||||| |||| 00| 0 eng d aT421x6 B648 aBortalani, Sergio aCentral banking in Africacby Sergio Bortalani aMilanbCassa di Risparmio delle provincie Lombardec1975. a248p. a(Credit markets of Africa Series,11) aBanks Central Africa